000 01245nam0a22002891 4500
001 v19\rc\1703313
005 20260406163712.0
035 _a(NLR Aleph) 005230487
090 _a5600058
_c5600058
100 _a20061002d1898 |||y0rusy50 ca
101 1 _arus
_cger
102 _aRU
105 _ag z |||||
200 1 _aП. Чайковский. VI-я симфония (H-moll)
_e(Symphonie pathétique, op. 74)
_eТемат. разъяснение содерж.
_fСост. Г. Риман
_gПер. Б.Ю.
210 _aМосква
_cП. Юргенсон
_d1898
215 _a16 с.
_cнот.
_d16
532 1 0 _aПетр Чайковский. VI-я симфония (H-moll)
700 1 _4220
_7ca
_8rus
_aРиман
_bГ.
_f1849-1919
_gГуго
_993375
_3RU\NLR\AUTH\77110450
702 1 _4730
_7ca
_8rus
_aЮргенсон
_bБ. П.
_f1868-1935
_gБорис Петрович
_993382
_3RU\NLR\AUTH\77110457
702 1 _4570
_7ca
_8rus
_aЧайковский
_bП. И.
_f1840-1893
_gПетр Ильич
_9120104
_3RU\NLR\AUTH\7710326
801 0 _aRU
_bNLR
_c20061002
_gpsbo
801 0 _aRU
_bRuMoRGB
_c20061002
_2psbo
801 1 _aRU
_bProSoft-M
_c20061002
_2rusmarc
801 2 _aRU
_bNLR
_c20120406
_2rusmarc
852 _aNLR
_j20.99.5.198
942 _cBOOK
980 _aNB